Visualizzazione normale
Vista MARC
- Susin L.C., Goisis G., Ciravegna D., Moretti M.,G
di Personal Name
Records bibliografici associati: 1
001 - CONTROL NUMBER
- control field: 60071
003 - CONTROL NUMBER IDENTIFIER
- control field:
005 - DATE AND TIME OF LATEST TRANSACTION
- control field: 20230515124206.0
008 - FIXED-LENGTH DATA ELEMENTS
- fixed length control field: 230515|| aca||aabn | a|a d
040 ## - CATALOGING SOURCE
- Original cataloging agency:
- Transcribing agency:
100 ## - HEADING--PERSONAL NAME
- Personal name: Susin L.C., Goisis G., Ciravegna D., Moretti M.,G
670 ## - SOURCE DATA FOUND
- Source citation: Work cat.: ()359723: Ghia Luigi (a cura di) 60069, The economy of Francesco, 2022